000 00722cam a22002411 4500
001 l 47000108
003 DLC
005 20260227111540.0
008 810320s1947 dcua f000 0 eng c
010 _al 47000108
035 _a(OCoLC)7245730
040 _aU.S. Dept. of Labor. Library
_cViBlbV
_dViBlbV
_dDLC
042 _apremarc
050 0 0 _aHD6093
_b.A35 no. 212
082 _a331.823
100 1 _aMohr, Jennie,
_d1901-
245 1 0 _aIndustrial injuries to women.
260 _a[Washington,
_c1947]
300 _aiii, 20 p.
_btables.
_c24 cm.
410 1 0 _aUnited States.
_bWomen's Bureau.
_tBulletin
_vno. 212
650 0 _aIndustrial accidents
_zUnited States.
650 0 _aWomen
_xEmployment
_zUnited States.
999 _c36583
_d36583